000 00730nam a2200217Ii 4500
003 JO-AjNU
008 230605s9999||||xx |||||||||||||| ||und||
017 _a2009/10/4372
040 _aJO-AjNU
_bara
_erda
_cJO-AjNU
041 _aara
050 1 4 _aBP173.4.Q3222.2011
100 3 _aالقضاة، احمد مصطفى ,
_eauthor
_962171
245 0 0 _aالحقوق الجهادية للمرأة في الفقه الاسلامي
250 _aالطبعة الاولى
264 3 1 _aعمان: المؤلف، 2011
300 _a136ص
336 _atext
_btxt
_2rdacontent
337 _aunmediated
_bn
_2rdamedia
338 _avolume
_bnc
_2rdacarrier
650 4 _aالفقه الاسلامي- المرأة المسلمة
_962172
999 _aA28140
_c31708
_d31708